[Event "Rheinland Pfalz op Seniors 15th"]
[Site "Neustadt an der Weinstrasse"]
[Date "2017.07.17"]
[Round "3"]
[White "Wraga, Hermann"]
[Black "Juergens, Peter"]
[Result "0-1"]
[WhiteElo "1679"]
[BlackElo "1872"]
[PlyCount "50"]
[EventDate "2017.07.15"]
[EventType "swiss"]
[EventRounds "9"]
[EventCountry "GER"]
[SourceTitle "EXT 2018"]
[Source "ChessBase"]
[SourceDate "2017.10.13"]
[SourceVersion "1"]
[SourceVersionDate "2017.10.13"]
[SourceQuality "1"]

1. e4 e6 2. d3 d5 3. Nd2 Nf6 4. g3 Nc6 5. Bg2 dxe4 6. dxe4 e5 7. Ngf3 Bc5 8. 0-0 0-0 9. c3 a5 10. a4 b6 11. Qe2 Ba6 12. Nc4 h6 13. Nh4 Qd7 14. b3 Rad8 15. Ra2 Qd3 16. Qd2 Bxc4 17. bxc4 Qxc4 18. Qc2 Rd3 19. Qe2 Rxc3 20. Qxc4 Rxc4 21. Re1 Nb4 22. Rd2 Rd4 23. Ree2 Nd3 24. Bb2 Nxb2 25. Rxb2 Rxa4 0-1

[Event "Hamburg HSK Christmas op 1st"]
[Site "Hamburg"]
[Date "2015.12.27"]
[Round "1"]
[White "Geissler, Karl Heinz"]
[Black "Juergens, Peter"]
[Result "0-1"]
[WhiteElo "1694"]
[BlackElo "2258"]
[PlyCount "60"]
[EventDate "2015.12.27"]
[EventType "swiss"]
[EventRounds "7"]
[EventCountry "GER"]
[SourceTitle "EXT 2022"]
[Source "ChessBase"]
[SourceDate "2021.10.06"]
[SourceVersion "1"]
[SourceVersionDate "2021.10.06"]
[SourceQuality "1"]

1. d4 Nf6 2. e3 c5 3. c3 b6 4. Nd2 Bb7 5. Ngf3 d6 6. Be2 Nbd7 7. 0-0 e6 8. dxc5 bxc5 9. c4 Be7 10. b3 0-0 11. Bb2 a5 12. Qc2 Qc7 13. h3 Nb8 14. Ng5 g6 15. Bf3 Bxf3 16. Ngxf3 Nc6 17. a3 a4 18. bxa4 Qa5 19. Nh2 Qxa4 20. Qc3 Qa5 21. Ng4 Qxc3 22. Bxc3 Nxg4 23. hxg4 Ra4 24. f4 Rfa8 25. Rfb1 Rxa3 26. Rxa3 Rxa3 27. Ne4 f5 28. gxf5 gxf5 29. Rb6 fxe4 30. Bb2 Ra2 0-1

[Event "SH-ch Seniors op"]
[Site "Eckernfoerde"]
[Date "2012.10.01"]
[Round "3.17"]
[White "Elsner, Norbert"]
[Black "Juergens, Peter"]
[Result "1/2-1/2"]
[WhiteElo "1883"]
[BlackElo "2036"]
[PlyCount "123"]
[EventDate "2012.09.29"]
[EventType "swiss"]
[EventRounds "7"]
[EventCountry "GER"]
[SourceTitle "EXT 2022"]
[Source "ChessBase"]
[SourceDate "2021.10.06"]
[SourceVersion "1"]
[SourceVersionDate "2021.10.06"]
[SourceQuality "1"]

1. c4 Nf6 2. Nf3 e6 3. b3 d5 4. Bb2 Be7 5. e3 0-0 6. d3 c5 7. g3 b6 8. Bg2 Bb7 9. 0-0 Nc6 10. Qe2 Qc7 11. Nbd2 Rad8 12. Ne1 Rd7 13. f4 Rfd8 14. Ndf3 Qb8 15. Ne5 Nxe5 16. fxe5 Ne8 17. Bh3 dxc4 18. bxc4 Bf8 19. Rf4 g6 20. d4 Re7 21. Nd3 Ng7 22. Nf2 Qc7 23. Ne4 Bxe4 24. Rxe4 Qc6 25. Bg2 Qe8 26. g4 Rc7 27. Rf4 Be7 28. d5 exd5 29. cxd5 Bg5 30. Rff1 c4 31. Bc3 Re7 32. Kh1 Rxe5 33. Bxe5 Qxe5 34. Qxc4 Ne8 35. Qb3 Qxe3 36. Rfe1 Qc5 37. Rad1 Nd6 38. Qg3 Rc8 39. h4 Bf6 40. Rf1 Bg7 41. Qf4 Qc7 42. Rc1 Qe7 43. Rxc8+ Nxc8 44. Bh3 Nd6 45. g5 b5 46. Rc1 Be5 47. Re1 Nc4 48. Bf1 Qd6 49. Qe4 Bg3 50. Qe8+ Kg7 51. Bxc4 Bxe1 52. Qxe1 bxc4 53. Qc3+ Kf8 54. Qxc4 Ke7 55. Kg2 Qb6 56. Qe4+ Kd7 57. Qf3 Ke7 58. Qe4+ Kd7 59. Qf3 Ke7 60. Qe4+ Kd7 61. Qf3 Ke7 62. Qe4+ 1/2-1/2

[Event "Oberliga Nord W 1112"]
[Site "Germany"]
[Date "2012.02.26"]
[Round "7.5"]
[White "Grabow, Carsten"]
[Black "Juergens, Peter"]
[Result "0-1"]
[WhiteElo "2103"]
[BlackElo "2276"]
[PlyCount "184"]
[EventDate "2011.10.02"]
[EventType "team-tourn"]
[EventRounds "9"]
[EventCountry "GER"]
[SourceTitle "EXT 2013"]
[Source "ChessBase"]
[SourceDate "2012.11.22"]
[SourceVersion "1"]
[SourceVersionDate "2012.11.22"]
[SourceQuality "1"]
[WhiteTeam "Uelzen Post"]
[BlackTeam "Hannover"]
[WhiteTeamCountry "GER"]
[BlackTeamCountry "GER"]

1. e4 e5 2. Nf3 Nc6 3. d4 exd4 4. Nxd4 Bb4+ 5. c3 Bc5 6. Be3 Bb6 7. Bc4 Ne5 8. Be2 Nf6 9. f4 Nc6 10. Bf3 d5 11. e5 Ng4 12. Bxg4 Qh4+ 13. Bf2 Qxg4 14. Qxg4 Bxg4 15. h3 Bd7 16. Nxc6 Bxc6 17. Bxb6 axb6 18. 0-0 f6 19. Re1 fxe5 20. Rxe5+ Kf7 21. Nd2 Rhe8 22. Nf3 Ra4 23. g3 Rxe5 24. Nxe5+ Kf6 25. Kf2 g5 26. Nd3 gxf4 27. Nxf4 Kf5 28. a3 Re4 29. Rd1 Ke5 30. Rd2 h6 31. Nd3+ Kd6 32. Nb4 Kc5 33. Kf3 Kc4 34. g4 Re1 35. Kg3 Re5 36. Kf4 Re4+ 37. Kf5 Bd7+ 38. Kg6 Re6+ 39. Kf7 c6 40. Rf2 Re3 41. Rh2 c5 42. Nc2 Re4 43. Kg7 Re6 44. Kf7 Kb3 45. Na1+ Ka2 46. Nc2 Re4 47. Kg7 Ba4 48. Kxh6 Kb1 49. Nb4 cxb4 50. axb4 Kc1 51. g5 Bc2 52. h4 Kxb2 53. g6 Kxc3 54. h5 Rg4 55. Rh3+ Kxb4 56. g7 Bd1 57. Rh4 Rxh4 58. g8Q Rxh5+ 59. Kg6 d4 60. Qd8 Kc3 61. Qc7+ Rc5 62. Qxb7 Bc2+ 63. Kf6 b5 64. Qe7 Rf5+ 65. Ke6 b4 66. Qc7+ Kb3 67. Qg3+ Kb2 68. Qd6 Kc3 69. Qg3+ Bd3 70. Qe1+ Kc4 71. Qc1+ Kb5 72. Qd2 Rf3 73. Qg5+ Ka4 74. Qc5 Rf4 75. Qc6+ Kb3 76. Qc1 Rf1 77. Qd2 Kc4 78. Ke5 b3 79. Ke6 Ra1 80. Ke5 Ra2 81. Qc1+ Bc2 82. Qd2 Bd3 83. Qc1+ Rc2 84. Qa3 Re2+ 85. Kd6 b2 86. Qa6+ Kc3 87. Qa3+ Kc2 88. Qa4+ Kc1 89. Qc6+ Rc2 90. Qh1+ Kd2 91. Ke5 Rc5+ 92. Kxd4 Rc4+ 0-1

[Event "Oberliga Nord W 1112"]
[Site "Germany"]
[Date "2012.01.15"]
[Round "5.4"]
[White "Baisakow, Alexander"]
[Black "Juergens, Peter"]
[Result "1/2-1/2"]
[WhiteElo "2181"]
[BlackElo "2276"]
[PlyCount "93"]
[EventDate "2011.10.02"]
[EventType "team-tourn"]
[EventRounds "9"]
[EventCountry "GER"]
[SourceTitle "EXT 2013"]
[Source "ChessBase"]
[SourceDate "2012.11.22"]
[SourceVersion "1"]
[SourceVersionDate "2012.11.22"]
[SourceQuality "1"]
[WhiteTeam "Nordhorn Blanke"]
[BlackTeam "Hannover"]
[WhiteTeamCountry "GER"]
[BlackTeamCountry "GER"]

1. e4 e5 2. Nf3 Nc6 3. d4 exd4 4. Nxd4 Bb4+ 5. c3 Bc5 6. Be3 Qf6 7. Bc4 Qg6 8. 0-0 Bb6 9. f4 Qxe4 10. Re1 Nge7 11. Nd2 Qg6 12. Qf3 0-0 13. Nxc6 Qxc6 14. Bxb6 Qxb6+ 15. Kh1 d5 16. Rxe7 dxc4 17. Rae1 Be6 18. Ne4 Bd5 19. Nf6+ Qxf6 20. Qxd5 Qxf4 21. Qxb7 g6 22. Qxc7 Qxc7 23. Rxc7 Rab8 24. Rb1 Rfd8 25. Kg1 Rd2 26. Rxc4 Re8 27. b4 f5 28. Rd4 Rxa2 29. Kh1 Ree2 30. Rg1 Kg7 31. c4 g5 32. h4 h6 33. c5 f4 34. Kh2 f3 35. Kg3 Rxg2+ 36. Rxg2 fxg2 37. Kh2 gxh4 38. Rxh4 Rc2 39. Rd4 a5 40. Rd7+ Kg6 41. bxa5 Rxc5 42. a6 Rc2 43. Rd6+ Kg7 44. Rd7+ Kf6 45. Rd6+ Kg7 46. Rd7+ Kg6 47. Rd6+ 1/2-1/2

[Event "Oberliga Nord W 1112"]
[Site "Germany"]
[Date "2011.10.23"]
[Round "2.6"]
[White "Juergens, Peter"]
[Black "Hoeffer, David"]
[Result "1-0"]
[WhiteElo "2276"]
[BlackElo "2214"]
[PlyCount "65"]
[EventDate "2011.10.02"]
[EventType "team-tourn"]
[EventRounds "9"]
[EventCountry "GER"]
[SourceTitle "EXT 2013"]
[Source "ChessBase"]
[SourceDate "2012.11.22"]
[SourceVersion "1"]
[SourceVersionDate "2012.11.22"]
[SourceQuality "1"]
[WhiteTeam "Hannover"]
[BlackTeam "Delmenhorst"]
[WhiteTeamCountry "GER"]
[BlackTeamCountry "GER"]

1. d4 Nf6 2. Nf3 e6 3. Bg5 d5 4. Nbd2 Be7 5. e3 b6 6. Ne5 0-0 7. Bd3 Bb7 8. c3 Nbd7 9. Qc2 h6 10. Bxf6 Bxf6 11. Nxd7 Qxd7 12. f4 c5 13. Nf3 Rac8 14. Qe2 Qd6 15. g4 cxd4 16. g5 Be7 17. gxh6 dxc3 18. hxg7 Rfd8 19. Ne5 Bh4+ 20. Kf1 Ba6 21. Bxa6 cxb2 22. Qxb2 d4 23. Bxc8 dxe3 24. Bd7 Rxd7 25. Rc1 Rd8 26. Rg1 f6 27. Ng6 Qd3+ 28. Qe2 Qa3 29. Rd1 Rxd1+ 30. Qxd1 e2+ 31. Qxe2 Qc1+ 32. Kg2 Qc6+ 33. Kh3 1-0

[Event "Oberliga Nord W 0910"]
[Site "Germany"]
[Date "2009.12.13"]
[Round "4.4"]
[White "Juergens, Peter"]
[Black "Baisakow, Alexander"]
[Result "1-0"]
[WhiteElo "2275"]
[BlackElo "2115"]
[PlyCount "89"]
[EventDate "2009.10.18"]
[EventType "team-tourn"]
[EventRounds "9"]
[EventCountry "GER"]
[SourceTitle "EXT 2011"]
[Source "ChessBase"]
[SourceDate "2010.11.26"]
[SourceVersion "1"]
[SourceVersionDate "2010.11.26"]
[SourceQuality "1"]
[WhiteTeam "Melle III"]
[BlackTeam "Nordhorn Blanke"]
[WhiteTeamCountry "GER"]
[BlackTeamCountry "GER"]

1. d4 Nf6 2. Bg5 Ne4 3. Bf4 g5 4. Be5 f6 5. e3 e6 6. f3 fxe5 7. fxe4 Qe7 8. c3 h6 9. Nf3 Bg7 10. Na3 g4 11. Nd2 Qg5 12. Qe2 0-0 13. 0-0-0 b5 14. Nc2 exd4 15. exd4 c6 16. e5 a5 17. Qe4 Rf4 18. Qe3 b4 19. g3 Rf5 20. Bd3 Qxe3 21. Nxe3 Rf8 22. Nxg4 Ba6 23. Bxa6 Nxa6 24. Ne4 Rf7 25. Rhf1 Raf8 26. Ngf6+ Kh8 27. Nd6 Re7 28. Nh5 bxc3 29. bxc3 Nc7 30. Rxf8+ Bxf8 31. Rf1 Bg7 32. Kd2 Kh7 33. g4 Kg6 34. h4 Ne8 35. Ne4 Rf7 36. Nf4+ Kh7 37. g5 Kg8 38. Nf6+ Bxf6 39. exf6 hxg5 40. hxg5 Rh7 41. Ng6 Rh2+ 42. Kc1 Nd6 43. Ne5 Rxa2 44. Kb1 Rg2 45. g6 1-0

[Event "Mecklenburg VP-ch Seniors op 09th"]
[Site "Binz"]
[Date "2009.12.08"]
[Round "8.35"]
[White "Juergens, Peter"]
[Black "Post, Ingo"]
[Result "1-0"]
[WhiteElo "1838"]
[BlackElo "1687"]
[PlyCount "85"]
[EventDate "2009.12.01"]
[EventType "swiss"]
[EventRounds "9"]
[EventCountry "GER"]
[SourceTitle "EXT 2022"]
[Source "ChessBase"]
[SourceDate "2021.10.06"]
[SourceVersion "1"]
[SourceVersionDate "2021.10.06"]
[SourceQuality "1"]

1. d4 g6 2. Bf4 Bg7 3. e3 Nf6 4. Nf3 d6 5. Be2 0-0 6. 0-0 b6 7. Nbd2 Bb7 8. a4 c5 9. c3 cxd4 10. cxd4 Nh5 11. Bg5 h6 12. Bh4 Nd7 13. Ne1 Nhf6 14. Qb3 Rc8 15. Nef3 g5 16. Bg3 Ne4 17. Nxe4 Bxe4 18. Rfc1 Nf6 19. h3 Rc7 20. Qa3 Qd7 21. b4 Rfc8 22. Bb5 Qe6 23. Nd2 Bd5 24. Ba6 Rxc1+ 25. Rxc1 Rxc1+ 26. Qxc1 Ne4 27. Nxe4 Bxe4 28. f3 Bd5 29. Bf2 f5 30. Qc7 Bb3 31. a5 bxa5 32. bxa5 Kf7 33. Qxa7 Bc4 34. Bb7 Bb3 35. Ba6 Bc4 36. Qb6 Bxa6 37. Qxa6 Qa2 38. Qb6 Qd2 39. a6 Qd1+ 40. Kh2 Qe2 41. Bg1 f4 42. a7 Qe1 43. a8Q 1-0

[Event "Mecklenburg VP-ch Seniors op 09th"]
[Site "Binz"]
[Date "2009.12.07"]
[Round "7.29"]
[White "Mellenthin, Horst"]
[Black "Juergens, Peter"]
[Result "1/2-1/2"]
[WhiteElo "1693"]
[BlackElo "1838"]
[PlyCount "48"]
[EventDate "2009.12.01"]
[EventType "swiss"]
[EventRounds "9"]
[EventCountry "GER"]
[SourceTitle "EXT 2022"]
[Source "ChessBase"]
[SourceDate "2021.10.06"]
[SourceVersion "1"]
[SourceVersionDate "2021.10.06"]
[SourceQuality "1"]

1. e4 e6 2. d4 d5 3. exd5 exd5 4. Bd3 Nc6 5. c3 Bd6 6. Ne2 Nge7 7. Bf4 0-0 8. Bxd6 Qxd6 9. 0-0 Bf5 10. Na3 Rfe8 11. Ng3 Bxd3 12. Qxd3 Ng6 13. Nb5 Qd7 14. Rfe1 a6 15. Na3 Re6 16. Rxe6 Qxe6 17. Qf5 Re8 18. Qxe6 Rxe6 19. Kf1 Nf4 20. Rd1 g6 21. Rd2 f5 22. Ne2 Nxe2 23. Rxe2 Rxe2 24. Kxe2 Ne7 1/2-1/2

[Event "Mecklenburg VP-ch Seniors op 09th"]
[Site "Binz"]
[Date "2009.12.05"]
[Round "5.19"]
[White "Oldach, Ehrenfried"]
[Black "Juergens, Peter"]
[Result "1-0"]
[WhiteElo "1923"]
[BlackElo "1838"]
[PlyCount "51"]
[EventDate "2009.12.01"]
[EventType "swiss"]
[EventRounds "9"]
[EventCountry "GER"]
[SourceTitle "EXT 2022"]
[Source "ChessBase"]
[SourceDate "2021.10.06"]
[SourceVersion "1"]
[SourceVersionDate "2021.10.06"]
[SourceQuality "1"]

1. e4 e6 2. d4 d5 3. Nc3 Bb4 4. e5 c5 5. a3 Bxc3+ 6. bxc3 Ne7 7. Qg4 0-0 8. Nf3 f5 9. exf6 Rxf6 10. Bg5 Rf8 11. Qh4 Nbc6 12. Bd3 h6 13. 0-0 c4 14. Ne5 Qe8 15. Bxe7 Qxe7 16. Qxe7 Nxe7 17. Be2 Nc6 18. Nxc6 bxc6 19. Rfb1 Kf7 20. Rb4 Ke7 21. Rab1 Kd7 22. g3 Ba6 23. f4 Kd6 24. Bg4 Rad8 25. Ra4 Bb5 26. Ra5 1-0

[Event "Oberliga Nord W 0910"]
[Site "Germany"]
[Date "2009.11.15"]
[Round "2.4"]
[White "Juergens, Peter"]
[Black "Juhnke, Karl"]
[Result "1/2-1/2"]
[WhiteElo "2275"]
[BlackElo "2208"]
[PlyCount "76"]
[EventDate "2009.10.18"]
[EventType "team-tourn"]
[EventRounds "9"]
[EventCountry "GER"]
[SourceTitle "EXT 2011"]
[Source "ChessBase"]
[SourceDate "2010.11.26"]
[SourceVersion "1"]
[SourceVersionDate "2010.11.26"]
[SourceQuality "1"]
[WhiteTeam "Melle III"]
[BlackTeam "Bremer SG"]
[WhiteTeamCountry "GER"]
[BlackTeamCountry "GER"]

1. d4 Nf6 2. Bg5 c5 3. Bxf6 gxf6 4. d5 Qb6 5. Qc1 f5 6. e3 Bg7 7. c3 d6 8. Ne2 Nd7 9. Nf4 Nf6 10. Bc4 Bd7 11. a4 Qa5 12. Nd2 Rc8 13. 0-0 Bh6 14. Qd1 Rg8 15. Nh5 Rg6 16. Nxf6+ Rxf6 17. Qe2 a6 18. Rfe1 Kf8 19. Nf1 Qd8 20. Ng3 e5 21. dxe6 fxe6 22. Nh5 Rg6 23. Nf4 Bxf4 24. exf4 Qh4 25. Qd2 Rc6 26. g3 d5 27. Bf1 Qf6 28. Bg2 c4 29. a5 Rc8 30. Re5 Bc6 31. Qd4 Re8 32. Rae1 h5 33. h4 Kf7 34. Kf1 Rh6 35. Bf3 Re7 36. Qc5 Re8 37. Qd6 Rd8 38. Qc5 Re8 1/2-1/2

[Event "Oberliga Nord W 0809"]
[Site "Germany"]
[Date "2009.01.18"]
[Round "5.4"]
[White "Juergens, Peter"]
[Black "Hoellmann, Ludger"]
[Result "1-0"]
[WhiteElo "2248"]
[BlackElo "2215"]
[PlyCount "81"]
[EventDate "2008.10.05"]
[EventType "tourn"]
[EventRounds "9"]
[EventCountry "GER"]
[SourceTitle "EXT 2010"]
[Source "ChessBase"]
[SourceDate "2010.11.25"]
[SourceVersion "1"]
[SourceVersionDate "2010.11.25"]
[SourceQuality "1"]
[WhiteTeam "Melle III"]
[BlackTeam "Nordhorn Blanke"]
[WhiteTeamCountry "GER"]
[BlackTeamCountry "GER"]

1. d4 d6 2. e4 g6 3. Nc3 Bg7 4. Bg5 c6 5. Qd2 Qa5 6. f4 b5 7. Nf3 Bg4 8. Be2 h6 9. Bh4 b4 10. Nd1 Nf6 11. Nf2 Bd7 12. a3 c5 13. dxc5 Qxc5 14. axb4 Qb6 15. e5 dxe5 16. Nxe5 Bc8 17. c3 Bb7 18. Bxf6 Bxf6 19. 0-0 0-0 20. Nc4 Qc7 21. Na5 Rd8 22. Qe3 Bd5 23. c4 Be6 24. Bf3 Na6 25. Bxa8 Rxa8 26. b5 Nc5 27. Nc6 Nd7 28. Rfd1 a6 29. Nd4 Nf8 30. bxa6 Qxc4 31. a7 Bd5 32. Ng4 Bg7 33. Ne5 Bxe5 34. fxe5 e6 35. Rdc1 Qb4 36. Nc6 Qb7 37. Qc5 Qxb2 38. Ne7+ Kg7 39. Nxd5 exd5 40. Kh1 Qxe5 41. Qc6 1-0

[Event "Oberliga Nord W 0809"]
[Site "Germany"]
[Date "2008.10.26"]
[Round "2.4"]
[White "Renner, Kai"]
[Black "Juergens, Peter"]
[Result "1/2-1/2"]
[WhiteElo "2164"]
[BlackElo "2248"]
[PlyCount "77"]
[EventDate "2008.10.05"]
[EventType "tourn"]
[EventRounds "9"]
[EventCountry "GER"]
[SourceTitle "EXT 2010"]
[Source "ChessBase"]
[SourceDate "2010.11.25"]
[SourceVersion "1"]
[SourceVersionDate "2010.11.25"]
[SourceQuality "1"]
[WhiteTeam "Hameln"]
[BlackTeam "Melle III"]
[WhiteTeamCountry "GER"]
[BlackTeamCountry "GER"]

1. e4 e5 2. Nf3 Nc6 3. Bb5 a6 4. Ba4 Nf6 5. 0-0 Be7 6. Re1 b5 7. Bb3 d6 8. c3 0-0 9. d3 Nb8 10. Nbd2 Nbd7 11. Nf1 h6 12. Ng3 Re8 13. a4 Bb7 14. d4 Bf8 15. Bc2 g6 16. b3 c5 17. d5 Nb6 18. Qe2 bxa4 19. bxa4 a5 20. c4 Bc8 21. Bd3 Nbd7 22. Nd2 Nb8 23. Nb1 Na6 24. Nc3 Nb4 25. Bb1 Bg7 26. Nb5 Qe7 27. Ra3 Rd8 28. f3 Nd7 29. Nf1 Kh7 30. Be3 Rg8 31. Qd2 Nb6 32. Qe2 Bf6 33. Rd1 Bg5 34. Bxg5 hxg5 35. Ne3 Kg7 36. g4 Rh8 37. Kg2 Bd7 38. h3 Qf6 39. Rh1 1/2-1/2

[Event "Oberliga Nord W 0708"]
[Site "Germany"]
[Date "2008.04.06"]
[Round "8.4"]
[White "Schmidt, Christian"]
[Black "Juergens, Peter"]
[Result "1/2-1/2"]
[WhiteElo "2174"]
[BlackElo "2224"]
[PlyCount "33"]
[EventDate "2007.10.21"]
[EventType "team-tourn"]
[EventRounds "9"]
[EventCountry "GER"]
[SourceTitle "EXT 2009"]
[Source "ChessBase"]
[SourceDate "2008.11.26"]
[SourceVersion "1"]
[SourceVersionDate "2008.11.26"]
[SourceQuality "1"]
[WhiteTeam "Bremen"]
[BlackTeam "Melle III"]
[WhiteTeamCountry "GER"]
[BlackTeamCountry "GER"]

1. d4 Nf6 2. Nf3 d5 3. c4 c6 4. cxd5 cxd5 5. Nc3 e6 6. Bf4 Bd6 7. Bxd6 Qxd6 8. e3 Nbd7 9. Bd3 a6 10. 0-0 0-0 11. Rc1 b5 12. a4 b4 13. Nb1 e5 14. dxe5 Nxe5 15. Be2 a5 16. Nbd2 Bd7 17. Nxe5 1/2-1/2

[Event "DEN-chT 0001"]
[Site "Denmark"]
[Date "2001.03.17"]
[Round "6"]
[White "Hansen, Lars"]
[Black "Juergens, Peter"]
[Result "1/2-1/2"]
[WhiteElo "2224"]
[BlackElo "2290"]
[PlyCount "91"]
[EventDate "2000.??.??"]
[EventType "team-tourn"]
[EventRounds "7"]
[EventCountry "DEN"]
[SourceTitle "EXT 2002"]
[Source "ChessBase"]
[SourceDate "2001.11.25"]
[SourceVersion "1"]
[SourceVersionDate "2001.11.25"]
[SourceQuality "1"]
[WhiteTeam "Copenhagen 68"]
[BlackTeam "Copenhagen 34"]
[WhiteTeamCountry "DEN"]
[BlackTeamCountry "DEN"]

1. e4 e5 2. Nc3 Nc6 3. Nf3 Nf6 4. Be2 g6 5. d4 exd4 6. Nxd4 Bg7 7. Nxc6 bxc6 8. e5 Ng8 9. Bf4 Qe7 10. 0-0 Bxe5 11. Bxe5 Qxe5 12. Re1 Kf8 13. Bg4 Qd6 14. Qf3 Qf6 15. Qh3 Kg7 16. Re8 Ne7 17. Rxh8 Kxh8 18. Re1 Kg7 19. Bxd7 Bxd7 20. Qxd7 Nd5 21. Nxd5 cxd5 22. Qxd5 Rd8 23. Qb3 Rd2 24. Rf1 Qd4 25. h3 a5 26. c3 Qc5 27. a4 h5 28. Qb7 h4 29. Qb3 Kg8 30. Qb7 Kg7 31. Qb3 Kg8 32. Qb8+ Kg7 33. Qb3 c6 34. Qb7 Qc4 35. Re1 Qxa4 36. Qe7 Rd5 37. Qe2 Rb5 38. Qe7 Qf4 39. Qe2 Rf5 40. Qc2 Re5 41. Rd1 Rd5 42. Rxd5 cxd5 43. Qd1 Qe4 44. b3 f6 45. Qa1 g5 46. Qxa5 1/2-1/2

[Event "Baunatal op 3rd"]
[Site "Baunatal"]
[Date "1997.??.??"]
[Round "5"]
[White "Juergens, Peter"]
[Black "Luechtemeier, Peter"]
[Result "1/2-1/2"]
[WhiteElo "2305"]
[BlackElo "2135"]
[PlyCount "65"]
[EventDate "1997.08.??"]
[EventType "swiss"]
[EventRounds "7"]
[EventCountry "GER"]
[SourceTitle "EXT 1999"]
[Source "ChessBase"]
[SourceDate "1998.11.16"]
[SourceVersion "1"]
[SourceVersionDate "1998.11.16"]
[SourceQuality "1"]

1. d4 d5 2. Nf3 Nf6 3. c3 e6 4. Bg5 c5 5. e3 Be7 6. Nbd2 Nbd7 7. Be2 0-0 8. 0-0 b6 9. Ne5 Bb7 10. f4 Qc7 11. Qe1 Bd6 12. Qg3 Kh8 13. Qh3 Qc8 14. Rf3 Ba6 15. Bxa6 Qxa6 16. Qh4 Bxe5 17. fxe5 Ng8 18. Be7 Nxe7 19. Qxe7 Qe2 20. Qxd7 Qxd2 21. Raf1 Kg8 22. Rxf7 Qxe3+ 23. Kh1 Qh6 24. Qe7 Rfe8 25. Qd7 Red8 26. Qb7 Qg6 27. Kg1 cxd4 28. cxd4 Rdb8 29. Qc6 Rc8 30. Qd6 Qg4 31. R7f4 Qg6 32. h4 h5 33. R4f2 1/2-1/2

[Event "Passau op 5th"]
[Site "Passau"]
[Date "1997.??.??"]
[Round "4"]
[White "Kalinitschew, Sergey"]
[Black "Juergens, Peter"]
[Result "1-0"]
[WhiteElo "2520"]
[BlackElo "2310"]
[PlyCount "71"]
[EventDate "1997.05.??"]
[EventType "swiss"]
[EventRounds "7"]
[EventCountry "GER"]
[SourceTitle "EXT 2001"]
[Source "ChessBase"]
[SourceDate "2000.11.22"]
[SourceVersion "1"]
[SourceVersionDate "2000.11.22"]
[SourceQuality "1"]

1. d4 d5 2. c4 c6 3. Nf3 Nf6 4. e3 a6 5. Nc3 b5 6. cxd5 cxd5 7. a4 b4 8. Na2 e6 9. Bd2 Qb6 10. Nc1 Nc6 11. Nb3 Na5 12. Nxa5 Qxa5 13. Bd3 Bd6 14. 0-0 Bb7 15. Ne5 0-0 16. Qe1 Rfc8 17. f3 h6 18. Rf2 Bc6 19. g4 Nd7 20. Nxc6 Rxc6 21. Rg2 g6 22. Kh1 Bf8 23. e4 Nb6 24. Qh4 Nc4 25. Bxh6 Bxh6 26. Qxh6 Qb6 27. Re1 Qxd4 28. exd5 exd5 29. Rge2 Rcc8 30. Bxg6 Qg7 31. Bxf7+ Qxf7 32. Qg5+ Qg7 33. Qxd5+ Kf8 34. Re6 Ra7 35. Qf5+ Rf7 36. Qc5+ 1-0

[Event "Passau op 5th"]
[Site "Passau"]
[Date "1997.??.??"]
[Round "7"]
[White "Martinovic, Slobodan"]
[Black "Juergens, Peter"]
[Result "1-0"]
[WhiteElo "2495"]
[BlackElo "2310"]
[PlyCount "135"]
[EventDate "1997.05.??"]
[EventType "swiss"]
[EventRounds "7"]
[EventCountry "GER"]
[SourceTitle "EXT 2001"]
[Source "ChessBase"]
[SourceDate "2000.11.22"]
[SourceVersion "1"]
[SourceVersionDate "2000.11.22"]
[SourceQuality "1"]

1. Nf3 d5 2. g3 c6 3. Bg2 Bg4 4. b3 Nd7 5. Bb2 Ngf6 6. 0-0 e6 7. d3 Be7 8. Nbd2 0-0 9. c4 Ne8 10. Qc2 Bf6 11. b4 Bxb2 12. Qxb2 Qf6 13. Rab1 Qh6 14. cxd5 cxd5 15. Rfc1 Qf6 16. Nb3 Bxf3 17. Bxf3 Ne5 18. Bg2 Ng4 19. Qxf6 Ngxf6 20. Na5 Nd6 21. Rc7 Rfc8 22. Rbc1 b6 23. Nb3 Nfe8 24. R7c6 Rxc6 25. Rxc6 Rc8 26. Nd4 Kf8 27. f4 Rxc6 28. Nxc6 Nc8 29. e4 Nc7 30. Kf2 Ke8 31. Ke3 Kd7 32. Ne5+ Ke7 33. Kd2 f6 34. Ng4 Kd6 35. e5+ Ke7 36. a4 a6 37. Kc3 Na7 38. d4 Nc6 39. Bf1 f5 40. Nf2 Nb8 41. Be2 Kf7 42. h4 Nd7 43. h5 Nf8 44. Nh3 Ke7 45. g4 g6 46. h6 Kf7 47. Ng5+ Ke7 48. Kd2 Ke8 49. Ke3 Ke7 50. Kf2 Ke8 51. Kg3 Ke7 52. Kh4 Ke8 53. Nf3 Ke7 54. Kg5 Kf7 55. Nh4 Ke7 56. Ng2 Kf7 57. Ne3 Ke7 58. Bf3 Kf7 59. gxf5 gxf5 60. Bh5+ Ke7 61. Nd1 Nd7 62. Nf2 Kf8 63. Kh4 Nb8 64. Nh3 Nc6 65. Ng5 Nxd4 66. Nxh7+ Kg8 67. Ng5 Kh8 68. Bg6 1-0